| 000 | 00564nam a2200205Ia 4500 | ||
|---|---|---|---|
| 003 | GCL | ||
| 008 | 140319s9999 xx 000 0 eng d | ||
| 040 |
_aGCL / _cGCL |
||
| 082 | 0 | 4 |
_a709.033 _bM G |
| 100 | 1 | _aMARTINEAU, JANE | |
| 245 | 1 | 0 |
_aTHE GLORY OF VENICE ART IN THE EIGHTEENTH CENTURY / _cMARTINEAU, JANE |
| 700 | 1 | _aROBISON, ANDREW | |
| 260 |
_a[S.N] : _bANGLO EGYPTIAN BOOK SHOP ، _c1994 |
||
| 300 | _a528 P | ||
| 650 | 0 | 4 | _aARTS |
| 650 | 0 | 4 | _aMODERN ART |
| 650 | 0 | 4 | _aMODERN EUROPEN ART |
| 650 | 0 | 4 | _aART, MODERN, 18 th CENTURY |
| 942 |
_2ddc _cBK |
||
| 999 |
_c14213 _d14213 |
||